000 00860nam a2200241 b 4500
003 OSt
005 20150611105418.0
008 090113s2010 mex ||| ||spa c
020 _a978-0-07-478003-2
040 _aBCRI
_cBCRI
082 _a612
100 1 _98074
_aGanong, William F.
_d1924-2007
245 1 0 _aFisiología médica
_cGanong ; [editores, Kim E. Barrett ... (et al.) ; traducción, Jose Rafael Blengio Pinto ... (et al.)]
250 _a24ª ed
260 _aMéxico, D.F. [etc.]
_bMcGraw-HIll
_c2013
300 _aXIII, 752 p.
_bil., gráf.
_c29 cm
594 _1Precede al tít.: A Lange medical book
594 _1Traducción de: Ganong's review of a medical physiology, 23rd ed.
650 2 4 _aFisiología humana
_9580
700 1 _98046
_aBarrett, Kim E.
700 1 _934978
_aBenglio Pinto, Jose Rafael
942 _2ddc
_cBK
_hprozim
999 _c21408
_d21408